| 000 | 00573nam a2200193 i 4500 | ||
|---|---|---|---|
| 001 | 56885 | ||
| 003 | ES-MaACL | ||
| 005 | 20230906163449.0 | ||
| 007 | t| | ||
| 008 | 031014s1969 pr ||||1| spa d | ||
| 080 | _a86.0(729.5)-311.2"19" | ||
| 100 | 1 |
_aDiego Padró, J. I. de. _944569 |
|
| 245 | 1 | 3 |
_aUn cencerro de dos badajos : _b(novela) / _cJ.I. de Diego Padró. |
| 260 |
_aSan Juan (Puerto Rico) : _bJuan Ponce de León, _c1969. |
||
| 300 |
_aXVIII, 453 p. ; _c24 cm. |
||
| 852 | 4 |
_aES-MaACL _jC-37891 |
|
| 852 | 4 |
_aES-MaACL _jC-37930 |
|
| 852 | 4 |
_aES-MaACL _jC-37999 |
|
| 999 |
_c56885 _d56885 |
||